Music Quiz

Random Music or Album Quiz

Taylor Swift Songs by Albums Quiz Stats

 Plays Quiz not verified by Sporcle

Score 0/68 Timer 10:00
0 Plays Today
% Correct
Red
81.5%
Red
80.1%
Red
80%
Red
79.9%
Red
79.7%
Speak Now
79.2%
Red
79%
Speak Now
78.8%
Taylor Swift
78.4%
Red
78.4%
Red
78.3%
Red
78.1%
Speak Now
78%
Red
78%
Speak Now
77.5%
Fearless
77.4%
Fearless
77.1%
Speak Now
77%
Red
76.9%
Speak Now
76.8%
Red
76.6%
Speak Now
76.3%
Fearless
76%
Speak Now
75.8%
Red
75.6%
Fearless
75.5%
Fearless
75.4%
Fearless
75.1%
Speak Now
75.1%
Taylor Swift
74.9%
Taylor Swift
74.7%
Fearless
74.7%
Red
74.4%
Red
74.3%
% Correct
Taylor Swift
74%
Red
73.8%
Taylor Swift
73.5%
Fearless
73.5%
Fearless
73.2%
Red
73.1%
Red
72.9%
Taylor Swift
72.3%
Taylor Swift
72.2%
Speak Now
72%
Speak Now
71.7%
Fearless
71.6%
Red
71.6%
Taylor Swift
71.4%
Taylor Swift
71%
Fearless
70.9%
Fearless
70.3%
Speak Now
70.3%
Speak Now
70.1%
Taylor Swift
70%
Fearless
70%
Speak Now
69.8%
Speak Now
68.7%
Taylor Swift
68.3%
Fearless
67.9%
Taylor Swift
67.1%
Fearless
66.9%
Taylor Swift
66.7%
Fearless
66.3%
Fearless
66%
Taylor Swift
64.1%
Speak Now
62.9%
Speak Now
62.2%
Fearless
60.5%

You're not logged in!

Compare scores with friends on all Sporcle quizzes.
OR
Log In

Show Comments

Extras

Top Quizzes Today


Score Distribution

Your Account Isn't Verified!

In order to create a playlist on Sporcle, you need to verify the email address you used during registration. Go to your Sporcle Settings to finish the process.

Report this User

Report this user for behavior that violates our Community Guidelines.

Details: